00636 2200229 4500001002100000005001700021008004100038035002400079082000800103090001500111100002000126245011100146260002600257300002400283650002200307700001600329700001800345850000900363980001300372985000600385999001500391YOGYA-0209000000362220090227020636.0 ind  0010-020900000003622 a613 a613bChu R aCHUANG,SHU CHIH aRahasia umur panjang & awet muda dari dunia timurcChuang Shu chih, Joc Deisher ; penerjemah,Justin Lontoh aJakartabLancarc1979 a158 hlmbilusc21cm aKesehatan Pribadi aDeisher,Joc aLontoh,Justin aBPAD a23-02-06 a1 aP000004739